Discurso leído en la solemne inauguración del curso académico de 1871 a 1872 en la Universidad Central / (Record no. 162207)

MARC details
000 -LEADER
campo de control de longitud fija 01319nam a22002535i 4500
001 - NÚMERO DE CONTROL
campo de control 162207
003 - IDENTIFICADOR DE NÚMERO DE CONTROL
campo de control ES-MaACL
005 - FECHA Y HORA DE LA ÚLTIMA TRANSACCIÓN
campo de control 20250809062600.0
008 - DATOS DE LONGITUD FIJA--INFORMACIÓN GENERAL
campo de control de longitud fija 960201s1871 sp |||| | spa d
080 ## - NÚMERO DE LA CLASIFICACIÓN DECIMAL UNIVERSAL
Número de la Clasificación Decimal Universal 340.12
100 1# - ENTRADA PRINCIPAL--NOMBRE DE PERSONA
Nombre de persona Pisa Pajares, Francisco de la.
9 (RLIN) 131184
245 10 - MENCIÓN DEL TÍTULO
Título Discurso leído en la solemne inauguración del curso académico de 1871 a 1872 en la Universidad Central /
Mención de responsabilidad, etc. por el doctor don Francisco Pisa Pajares, catedrático en la Facultad de Derecho.
260 ## - PUBLICACIÓN, DISTRIBUCIÓN, ETC.
Lugar de publicación, distribución, etc. Madrid :
Nombre del editor, distribuidor, etc. [s.n.],
Fecha de publicación, distribución, etc. 1871 (
Fabricante Imp. José M. Ducazcal)
300 ## - DESCRIPCIÓN FÍSICA
Extensión 61 p. ;
Dimensiones 26 cm.
500 ## - NOTA GENERAL
Nota general Tema del discurso: Diversidad de opiniones en materia de derecho; Si hay principios comunes a todas ellas; Cómo se llegará a la unidad (p. 8)
530 ## - NOTA DISPONIBLE DE FORMULARIO FÍSICO ADICIONAL
Nota de formato físico adicional disponible Disponible en formato digital.
650 #4 - PUNTO DE ACCESO ADICIONAL DE MATERIA--TÉRMINO DE MATERIA
Término de materia o nombre geográfico como elemento de entrada Derecho-
Subdivisión general Filosofía
9 (RLIN) 11620
710 2# - ENTRADA AGREGADA--NOMBRE DE ENTIDAD CORPORATIVA
Nombre de entidad corporativa o nombre de jurisdicción como elemento de entrada Universidad Central (Madrid).
Unidad subordinada Facultad de Derecho.
9 (RLIN) 7090
852 4# - LOCALIZACIÓN
Ubicación ES-MaACL
Número de control de estantería L-4913(21-5)
Nota libre - Enc. hol.
-- - Donación Roda
852 4# - LOCALIZACIÓN
Ubicación ES-MaACL
Número de control de estantería T-120-F-10
Nota libre - Enc. hol., falto de cub. original
-- - Enc. en un vol. facticio
852 4# - LOCALIZACIÓN
Ubicación ES-MaACL
Número de control de estantería T-152-F-2
Nota libre - Enc. hol., falto de cub. original
-- - Enc. en un vol. facticio
856 4# - LOCALIZACIÓN Y ACCESO ELECTRÓNICOS
Identificador Uniforme de Recursos <a href="http://bdh-rd.bne.es/viewer.vm?id=0000038194&page=1 ">http://bdh-rd.bne.es/viewer.vm?id=0000038194&page=1 </a>
Nota pública Biblioteca Digital Hispánica
Holdings
Estatus retirado Estado de pérdida Estado de daño No para préstamo Colección Biblioteca de origen Biblioteca actual Ubicación en estantería Fecha de adquisición Total de préstamos Signatura topográfica completa Código de barras Visto por última vez Precio de reemplazo Tipo de ítem Koha Fuente de adquisición
        Colección de folletos Biblioteca del Ateneo de Madrid Biblioteca del Ateneo de Madrid Depósito folletos 17/01/2008   T-152-F-2 1169932 23/02/2023 23/02/2023 Folleto  
        Colección digital Biblioteca del Ateneo de Madrid Biblioteca del Ateneo de Madrid Depósito 2 17/01/2008   L-4913(21-5) 1169930 23/02/2023 23/02/2023 Libro impreso antiguo  
        Colección de folletos Biblioteca del Ateneo de Madrid Biblioteca del Ateneo de Madrid Depósito folletos 17/01/2008   T-120-F-10 1169931 23/02/2023 23/02/2023 Folleto